000 00543nam a2200217Ia 4500
003 OSt
005 20220928150133.0
006 a|||||r|||| 00| 0
007 ta
008 220927b |||||||| |||| 00| 0 eng d
024 _a88392
037 _cTextual
040 _aSDCL
_cSDCL
_beng
041 _2eng
_aeng
082 _aP15,CxD6,1, P0
100 _aRathore Usha
_9515487
245 0 _aSphotasiddhi of Mandana Misra.
260 _c2000
942 _hP15,CxD6,1, P0
_cTEXL
_2CC
999 _c840283
_d840283